000 01219nam a2200337 i 4500
001 13682
003 KOSZ 005
005 20220118112101.0
008 080219s1965 pl a f f 000 0 pol
015 _aPB 1966/606
040 _aWA N
_cWA N
_dKOSZ 005/RW
080 _a528
100 1 _aKłopociński, Wacław
_eAutor
245 1 0 _aTachimetria /
_cWacław Kłopociński.
250 _aWydanie 2.
260 _aWarszawa :
_bPaństwowe Przedsiębiorstwo Wydawnictw Kartograficznych,
_c1965.
300 _a297 stron, [2] karty tablic :
_bilustracje ;
_c24 cm.
336 _aTekst
_btxt
_2rdacontent
337 _aBez urządzenia pośredniczącego
_bn
_2rdamedia
338 _aWolumin
_bnc
_2rdacarrier
380 _aKsiążki.
504 _aBibliografia na stronach 294--297.
521 8 _aDla inżynierów i studentów szkół wyższych.
650 4 _aTachimetria
658 _aGeografia i nauki o Ziemi
658 _aInżynieria i technika
655 4 _aPodręcznik
710 2 _aPaństwowe Przedsiębiorstwo Wydawnictw Kartograficznych
_4pbl.
856 _uhttp://koha.tu.koszalin.pl/cgi-bin/koha/opac-detail.pl?biblionumber=13682
_yKatalog online BPK
942 _2UKD
_cKS
999 _c13682
_d13682